000
00322nam a2200133Ia 4500
008
150731s2014 xx 000 0 und d
082
_a
611
_b
C 14 A
100
_a
ASGFAR, AELIL
245
_a
CONCISE ANATOMY & PHYSIOLOGY
250
_a
1 ST
260
_b
SCIENTITY. INT.PUB. DELHI
_c
2014
300
_a
380
942
_2
ddc
_c
BK
999
_c
7962
_d
7962